Cinco ecuaciones que cambiaron el mundo: el poder y belleza de las matemáticas

Gardado en:
Detalles Bibliográficos
Autor Principal: Guillen, Michael (Author)
Formato: Libro
Idioma:Lingua castelá
Publicado: Madrid Debate 1999
Edición:1a. ed
Series:Temas de Debate
Subjects:
Tags: Engadir etiqueta
Sen Etiquetas, Sexa o primeiro en etiquetar este rexistro!

MARC

LEADER 00000nam a2200000 a 4500
001 UCK7859
003 CL-VaPUC
005 20240116085856.0
008 051230e19990000SP |||||||||||||||||spa|d
999 |c 315698  |d 315696 
020 |a 8483062283 
040 |c Pontificia Universidad Católica de Valparaíso 
082 0 4 |a 510.1  |b GUI  |2 21 
100 0 |a Guillen, Michael  |e author  |9 497531 
245 1 0 |a Cinco ecuaciones que cambiaron el mundo: el poder y belleza de las matemáticas 
250 |a 1a. ed 
260 |a Madrid  |b Debate  |c 1999 
300 |a 235 p 
490 0 |a Temas de Debate 
583 |a last modification  |c 20121220 09:02:37  |k Rodrigo Vera 
650 0 |a Teorías científicas  |9 316549 
650 0 |a Gravitación   |9 332312 
650 0 |a Hidrodinámica   |9 261326 
650 0 |a Electromagnetismo   |9 260123 
650 0 |a Relatividad  |9 269977 
942 |c BK  |2 ddc 
945 |d 20051230 00:00:00  |a cmena